| 000 | 00000nam 2200000za 4500 |
| 001 | 9.676674 |
| 003 | CaOODSP |
| 005 | 20210624230009 |
| 007 | cr ||||||||||| |
| 008 | 150407s2000 onc|||||o f|0| 0 fre d |
| 040 | |aCaOODSP|bfre |
| 041 | |aeng |
| 041 | |afre |
| 043 | |an-cn--- |
| 086 | 1 |aSE3-29/2000-PDF |
| 110 | 1 |aCanada.|bÉlections Canada. |bDirecteur général des élections du Canada. |
| 245 | 10|aLégislation électorale fédérale |h[ressource électronique] / |cpublié par le Directeur général des élections du Canada. |
| 246 | 1 |iTitre abrégé : |aLoi électorale du Canada |
| 260 | |aOttawa : |bÉlections Canada, |c[2000]. |
| 300 | |a334 p. : |bfigures, tableaux, index. |
| 590 | |a13-15-Supp|b2013-06-24 |
| 691 | 07|aSystème électoral|2gcpds |
| 776 | 0#|tFederal electoral legislation / |w(CaOODSP)9.661977 |
| 791 | |tFederal electoral legislation |eeng|w(CaOODSP)9.676673 |
| 856 | 40|ahttp://publications.gc.ca|qPDF|s2.50 Mo|uhttps://publications.gc.ca/collections/Collection/SE3-29-2000.pdf |